• 首页
  • 本馆介绍
  • 公告通知
  • 最新文献
  • 馆藏检索
  • 电子资源
  • 读者导购
  • 参考咨询
  • 我的图书馆
  • 登录
  • 详细信息显示
  • 放入我的书架
  • 预约/预借图书
  • 作者相关作品
  • 分类相关作品
  • 丛书相关作品
  • 出版社相关作品

书目信息

  • 表格格式
  • 工作单格式
  • 卡片格式
题名:
当代大学生生命教育的认知与探索
    
 
作者: 孙耀胜 著
分册:  
出版信息: 北京   中国水利水电出版社  2019.1
页数: 187页
开本: 24cm
丛书名:
单 册:
中图分类: B083
科图分类:
主题词: 大学生--da xue sheng--生命哲学--研究
电子资源:
ISBN: 978-7-5170-7419-9
000 00956nam0 2200253 450
001 2131731202
005 20210930094315.0
010    @a978-7-5170-7419-9@dCNY57.00
100    @a20190517d2019 em y0chiy50 ea
101 0  @achi
102    @aCN@b110000
105    @aak a 000yy
106    @ar
200 1  @a当代大学生生命教育的认知与探索@Adang dai da xue sheng sheng ming jiao yu de ren zhi yu tan suo@f孙耀胜著
210    @a北京@c中国水利水电出版社@d2019.1
215    @a187页@c图@d24cm
320    @a有书目 (第183-187页)
330    @a本书以大学生生命教育为中心议题,围绕大学生群体中存在的生命意识淡薄、对待生命态度出现偏误等问题,结合中国传统文化中蕴含的生命哲学,进行大学生生命教育的探讨,意在推动大学生生命教育工作的开展。
333    @a生命哲学研究者及相关读者。
606 0  @a大学生@Ada xue sheng@x生命哲学@x研究
690    @aB083@v5
701  0 @a孙耀胜@Asun yao sheng@4著
801  0 @aCN@b百万庄@c20210929
905    @b1303266-69@dB083@e121@f4
    
    当代大学生生命教育的认知与探索/孙耀胜著.-北京:中国水利水电出版社,2019.1
    187页:图;24cm
    使用对象:生命哲学研究者及相关读者。
    
    ISBN 978-7-5170-7419-9:CNY57.00
    本书以大学生生命教育为中心议题,围绕大学生群体中存在的生命意识淡薄、对待生命态度出现偏误等问题,结合中国传统文化中蕴含的生命哲学,进行大学生生命教育的探讨,意在推动大学生生命教育工作的开展。
●
相关链接 在E读中查询图书 在五车中查询图书 在当当中查询图书 在豆瓣中查询图书


正题名:当代大学生生命教育的认知与探索     索取号:B083/121         预约/预借

序号 登录号 条形码 馆藏地/架位号 状态 备注
1 1303266   213032662   第一样本阅览室/ [索取号:B083/121] 在馆    
2 1303267   213032671   第一借阅区/ [索取号:B083/121] 在馆    
3 1303268   213032680   第一借阅区/ [索取号:B083/121] 在馆    
4 1303269   213032699   第一借阅区/ [索取号:B083/121] 在馆    
唐山师范学院图书馆 欢迎您!
大连网信软件有限公司© 版权所有